Basic Econometrics / (Record no. 1310)

000 -LEADER
fixed length control field 00765nam a2200253 a 4500
008 - FIXED-LENGTH DATA ELEMENTS--GENERAL INFORMATION
fixed length control field 191218r20092012ii a|||g |||| 001 0 eng d
020 ## - INTERNATIONAL STANDARD BOOK NUMBER
International Standard Book Number 9780071333450
Terms of availability Rs. 625.00
040 ## - CATALOGING SOURCE
Original cataloging agency IMU Kochi Library
Language of cataloging eng
041 0# - LANGUAGE CODE
Language code of text/sound track or separate title eng
044 ## - COUNTRY OF PUBLISHING/PRODUCING ENTITY CODE
MARC country code India
082 04 - DEWEY DECIMAL CLASSIFICATION NUMBER
Edition number 23
Classification number 330.015195
Item number G9499
100 1# - MAIN ENTRY--PERSONAL NAME
Personal name Gujarati, Damodar N.
245 10 - TITLE STATEMENT
Title Basic Econometrics /
250 ## - EDITION STATEMENT
Edition statement 5th ed.
260 ## - PUBLICATION, DISTRIBUTION, ETC. (IMPRINT)
Place of publication, distribution, etc New Delhi :
Name of publisher, distributor, etc Tata McGraw Hill Education Private Limited ,
Date of publication, distribution, etc 2009, reprinted 2012.
300 ## - PHYSICAL DESCRIPTION
Extent xxiii, 886 p. :
Other physical details ill. ;
Dimensions 24 m
504 ## - BIBLIOGRAPHY, ETC. NOTE
Bibliography, etc Includes Index.
650 #0 - SUBJECT ADDED ENTRY--TOPICAL TERM
Topical term or geographic name as entry element Econometrics
Form subdivision Textbooks
700 ## - ADDED ENTRY--PERSONAL NAME
Personal name Porter, Dawn C.
Relator term Joint Author
700 ## - ADDED ENTRY--PERSONAL NAME
Personal name Gunasekar, Sangeetha
Relator term Joint Author
852 ## - LOCATION/CALL NUMBER
Location IMU Kochi Library
904 ## - LOCAL DATA ELEMENT D, LDD (RLIN)
CATALOGER Akhil Bose
942 ## - ADDED ENTRY ELEMENTS (KOHA)
Item type Books
Holdings
Withdrawn status Lost status Source of classification or shelving scheme Damaged status Not for loan Collection code Permanent location Current location Shelving location Date acquired Source of acquisition Cost, normal purchase price Full call number Barcode Date last seen Koha item type Public note
          Management Studies IMU Kochi Library IMU Kochi Library General Stacks 2013-06-04 M/s Sterling Book House (Inv. No.393 dt. 2013-05-23) 625.00 330.015195 G9499 BK002340 2019-12-18 Books Gen. Shelf-3, Row-5


Copyright © All Rights Reserved by Indian Maritime University, Kochi Campus.
For any Suggestions/Query Contact to library or Email: library.kochi@imu.ac.in Ph:(0484)-2989402
(Web OPAC Designed by Rudra Ranjan. Maintained by IMU Kochi Library)

Powered by Koha